000 00482nam a2200145Ia 4500
008 230917s9999||||xx |||||||||||||| ||und||
040 _e226949
_aMAIN
041 _aEnglish
082 _a891.49150301751 KO115A
100 _aकादयान, ओम प्रकाश
245 0 _aआन्ध्यां की लाट्ढी
260 _aहिसार
_bगुरू जम्भेश्वर प्रकाशन
_c2004
300 _a88 पृ. p.
942 _cHN
999 _c178069
_d178069